Government and politics in Japan ; the road to democracy.

Bibliographic Details
Main Author: Maki, John M. (John McGilvrey), 1909-
Format: Book
Language:English
Published: New York : Praeger, [1962]
Series:Books that matter
Subjects:

MARC

Tag First Indicator Second Indicator Subfields
LEADER 00000cam a2200000 4500
001 in00000062128
005 20151008051651.0
008 721128s1962 nyu b 00000 eng u
010 |a  62013735  
035 |a (OCoLC)00502648 
035 |9 AAG9295AM 
040 |c WSU  |d TXA  |d UtOrBLW 
049 |a TXAM  |c [471636] 
050 0 |a JQ1615 1962  |b .M2 
092 |a 342.52  |b M235g 
100 1 |a Maki, John M.  |q (John McGilvrey),  |d 1909- 
245 1 0 |a Government and politics in Japan ;  |b the road to democracy. 
264 1 |a New York :  |b Praeger,  |c [1962] 
300 |a 275 pages ;  |c 21 cm. 
336 |a text  |b txt  |2 rdacontent 
337 |a unmediated  |b n  |2 rdamedia 
338 |a volume  |b nc  |2 rdacarrier 
490 0 |a Books that matter 
504 |a Includes bibliography. 
651 0 |a Japan  |x Politics and government  |y 1945- 
999 |a MARS 
999 f f |s 36a2027e-b9d2-3046-9d53-b8fbe3c78e4b  |i 82fce1e6-3044-3cd2-b33b-3fb2e6d3f004  |t 0 
952 f f |p ric  |a Texas A&M University  |b Rellis Campus  |c Joint Library Facility  |d Remote Storage  |t 0  |e JQ1615 1962 .M2  |h Library of Congress classification  |i unmediated -- volume  |m A14800787196 
998 f f |a JQ1615 1962 .M2  |t 0  |l Remote Storage